Nghiên cứu thực trạng công tác giáo dục thể chất cho học sinh trường THPT Hòa Vang - Thành phố Đà Nẵng.
Tổng quan các vấn đề nghiên cứu. Nhiệm vụ - tổ chức nghiên cứu. Kết quả - phân tích kết quả. Một số giải pháp
Uloženo v:
| Hlavní autor: | |
|---|---|
| Další autoři: | |
| Médium: | Kniha |
| Jazyk: | Vietnamese |
| Vydáno: |
Đại học Đà Nẵng
ĐH Sư phạm
2011
|
| Témata: | |
| Tagy: |
Přidat tag
Žádné tagy, Buďte první, kdo otaguje tento záznam!
|
| Thư viện lưu trữ: | Mạng thư viện Đại học Đà Nẵng |
|---|
| LEADER | 01523nam a2200373 4500 | ||
|---|---|---|---|
| 001 | 000011648 | ||
| 003 | 7907 | ||
| 005 | 20120208070259.0 | ||
| 008 | 120208s2011 viesd | ||
| 041 | |a vie | ||
| 072 | |a Khóa luận tốt nghiệp | ||
| 082 | |a 796.04 |b TR-T | ||
| 100 | |a Trịnh, Xuân Thắng |e Tác giả | ||
| 245 | |a Nghiên cứu thực trạng công tác giáo dục thể chất cho học sinh trường THPT Hòa Vang - Thành phố Đà Nẵng. |c Trịnh Xuân Thắng | ||
| 260 | |a Đại học Đà Nẵng |b ĐH Sư phạm |c 2011 | ||
| 300 | |a 55 tr. |c 29 cm | ||
| 500 | |a Khóa luận tốt nghiệp khoa Giáo dục chính trị. Lớp 07 STQ | ||
| 520 | |a Tổng quan các vấn đề nghiên cứu. Nhiệm vụ - tổ chức nghiên cứu. Kết quả - phân tích kết quả. Một số giải pháp | ||
| 653 | |a Nghiên cứu | ||
| 653 | |a Thực trạng | ||
| 653 | |a Giáo dục thể chất | ||
| 653 | |a THPT Hòa Vang | ||
| 653 | |a Đà Nẵng | ||
| 700 | |a Phạm Thị Nghi |c Th.S |e Hướng dân | ||
| OWN | |a LSP | ||
| AVA | |a UDN50 |b LSP |d 796.04 TR-T |e available |t Error 5001 Not defined in file expand_doc_bib_avail. |f 1 |g 0 |h N |i 0 |k 1 | ||
| 999 | |a From the UDN01 | ||
| AVA | |a UDN50 |b LSP |d 796.04 TR-T |e available |t Error 5001 Not defined in file expand_doc_bib_avail. |f 1 |g 0 |h N |i 0 |k 1 | ||
| TYP | |a Monograph | ||
| TYP | |a Printed language | ||
| 980 | |a Mạng thư viện Đại học Đà Nẵng | ||